00392 a2200121 4500001001000000005001700010008004100027245007500068100002200143700003800165773005000203999001700253ART_3273020260410161841.0260409a 10aMás temas de derecho público de interés para las Fuerzas Armadas1 aTorres, Ismael F.1 aFuria de Torres, Lilian Alicia G.0 tRAPg- Año 37, Nº 442 (jul. 2015)wREV5941 c24069d24069